AFL runner ups - Statistics

General Stats
  • This quiz has been taken 38 times
    10 since last reset
  • The average score is 32 of 35
Answer Stats
Year Winner runner up % Correct
2017 Richmond Adelaide
100%
2023 Collingwood Brisbane
100%
2018 West Coast Collingwood
100%
2011 Geelong Collingwood
100%
2003 Brisbane Collingwood
100%
2002 Brisbane Collingwood
100%
2013 Hawthorn Fremantle
100%
2020 Richmond Geelong
100%
2008 Hawthorn Geelong
100%
2019 Richmond GWS
100%
2012 Sydney Hawthorn
100%
2010 Collingwood St Kilda
100%
2024 Brisbane Sydney
100%
2022 Geelong Sydney
100%
2016 Western Bulldogs Sydney
100%
2014 Hawthorn Sydney
100%
2006 West Coast Sydney
100%
2015 Hawthorn West Coast
100%
2005 Sydney West Coast
100%
2021 Melbourne Western Bulldogs
100%
2004 Port Adelaide Brisbane
86%
1999 North Melbourne Carlton
86%
1993 Essendon Carlton
86%
2001 Brisbane Essendon
86%
1990 Collingwood Essendon
86%
2000 Essendon Melbourne
86%
2007 Geelong Port Adelaide
86%
2009 Geelong St Kilda
86%
1997 Adelaide St Kilda
86%
1991 Hawthorn West Coast
86%
1995 Carlton Geelong
71%
1994 West Coast Geelong
71%
1992 West Coast Geelong
71%
1998 Adelaide North Melbourne
71%
1996 North Melbourne Sydney
71%
No matching quizzes found
Score Distribution
Percent of People with Each Score
Percentile by Number Answered
Your Score History
You have not taken this quiz since the last reset